| 000 | 00847nam a2200253 i 4500 | ||
|---|---|---|---|
| 001 | 125724 | ||
| 003 | ES-MaACL | ||
| 005 | 20250827063222.0 | ||
| 007 | t| | ||
| 008 | 070214e1958 sp |rl 00|10 spa | ||
| 080 | _a351.713(460)"19" | ||
| 080 | _a351.713:336.2(460)"19" | ||
| 245 | 0 | 0 |
_aRégimen fiscal de Hacienda : _btributaciones : Ley de Reforma Tributaria e instrucciones y disposiciones complementarias de los impuestos |
| 260 |
_aValencia : _bRégimen, _c1958 |
||
| 300 |
_a242 páginas ; _c22 cm |
||
| 630 | 0 |
_aLey de Reforma Tributaria _9242096 |
|
| 650 | 4 |
_aImpuestos- _zEspaña _913634 |
|
| 650 | 4 |
_aDerecho fiscal- _zEspaña _911709 |
|
| 655 | 4 |
_aLegislación _9226283 |
|
| 852 | 4 |
_aES-MaACL _bR.43090 _cFICH _jC-15399 |
|
| 942 |
_2udc _cMONOGRAFIA _n0 |
||
| 999 |
_c125724 _d125724 |
||